000 01138cam a22003377a 4500
003 CHAP
005 20241105180613.0
008 971013s1988 r 00010 d
010 _a68025
011 _a68997
035 _a78471
040 _cCHAP
090 _aTesis
100 0 0 _aMora Flores, José Saturnino.
_978139
245 1 3 _aUn análisis econométrico de la política de precios en la actividad azucarera
_b: México 1960 a 1987
260 _aChapingo, Méx. :
_bEl autor,
_c1988
300 _a183 h.
500 _a26-156
502 _aTesis (Maestro en Ciencias Esp. en Economía Agrícola) -- CP. Centro de Economía
590 _aALEPH
_b10
_c20130110
_lUCH01
_h1404
590 _aBATCH-UPD
_b10
_c20130110
_lUCH01
_h2137
590 _aBATCH-UPD
_b10
_c20130410
_lUCH01
_h1446
590 _aBATCH-UPD
_b10
_c20130914
_lUCH01
_h0511
590 _aCONVERSION
_b10
_c20130109
_lUCH01
_h1337
650 1 4 _aAzúcar
_xPrecios.
_99170
650 1 7 _aIndustria azucarera
_zMéxico
_2
_957791
901 _aBK
942 _cFOLL
949 _bBC
_cTES
_d-31345
_eTS1
_h2116
_i78471
_si
949 _bBC
_cTES
_d-91230
_eTS2
_fc.2
_h2117
_i78471
_si
999 _c68025
_d68025